John Laing Construction Ltd v Amber Pass Ltd (Record no. 75572)

MARC details
000 -LEADER
fixed length control field 00647cab a2200169 4500
001 - CONTROL NUMBER
control field L130348
008 - FIXED-LENGTH DATA ELEMENTS--GENERAL INFORMATION
fixed length control field 050718n2004 000 0 eng u
035 ## - SYSTEM CONTROL NUMBER
System control number (Sirsi) u130348
041 ## - LANGUAGE CODE
Language code of text/sound track or separate title eng
245 ## - TITLE STATEMENT
Title John Laing Construction Ltd v Amber Pass Ltd
260 ## - PUBLICATION, DISTRIBUTION, ETC.
Date of publication, distribution, etc. 2004
490 ## - SERIES STATEMENT
Series statement Estates Gazette
Volume/sequential designation [2004] EGLR 128
520 ## - SUMMARY, ETC.
Summary, etc. Landlord and tenant - break clause - yield up possession - tenant exercising break clause - whether tenant yielded up possession - whether yield up requires offer of keys - whether lease determined.
650 ## - SUBJECT ADDED ENTRY--TOPICAL TERM
Topical term or geographic name entry element JOHN LAING CONSTRUCTION LTD V AMBER PASS LTD
690 ## - LOCAL SUBJECT ADDED ENTRY--TOPICAL TERM (OCLC, RLIN)
Topical term or geographic name as entry element Landlord and tenant
9 (RLIN) 6252
942 ## - ADDED ENTRY ELEMENTS (KOHA)
Suppress in OPAC 0
Holdings
Withdrawn status Lost status Source of classification or shelving scheme Damaged status Not for loan Home library Current library Shelving location Date acquired Total Checkouts Full call number Barcode Date last seen Copy number Price effective from Koha item type
    Dewey Decimal Classification     London London Journal article 28/07/2005   L130348 130348-1001 06/08/2019 1 06/08/2019 Journal article